000 01131nam a2200289 4500
001 0000020222
003 CO-CtgCURN
005 20250331184436.0
007 ta
008 160627s2002 000 0 eng d
020 _a9586904024
040 _aCO-CtgCURN
_bspa
_ccoctgcurn
082 0 _a345.02
_bG87i
100 1 _aGutierrez Ramírez, José Antonio.
245 1 0 _aIntroducción a la teoria del delito :
_ben el nuevo Código penal /
_cJosé Antonio Gutierrez Ramírez.
260 _aBogotá :
_bLeyer,
_c2002.
300 _a142 p.
336 _2rdacontent
337 _2rdamedia
_asin mediacion
_bn
338 _2rdacarrier
_avolumen
_bnc
504 _aBibliografia p. 141-142)
505 8 _aComo nacen los institutos dogmaticos.--Esquema clasico.--Esquema neoclasico.--Esquema finalista.--Resumen representativo del esquema causalista y finalista.--Algunos conceptos en las dos corrientes principales modernas finalismo y causalismo.--Imputacion objetiva
650 1 4 _aDelitos.
908 _a160627
942 _cBK
_h345.02
_iG87i
_2ddc
999 _c19787
_d19787